UITU Library & LRC     

GSM Controlled Home Appliances (Record no. 33540)

MARC details
000 -LEADER
fixed length control field 00475nam a2200133Ia 4500
008 - FIXED-LENGTH DATA ELEMENTS--GENERAL INFORMATION
fixed length control field 260210s9999 xx 000 0 und d
024 ## - OTHER STANDARD IDENTIFIER
Standard number or code 05B-003-TE, 05B-009-TE, 05B-043-TE & 05B-044-TE
082 ## - DEWEY DECIMAL CLASSIFICATION NUMBER
Classification number 621.3845072 MAN
100 ## - MAIN ENTRY--PERSONAL NAME
Personal name Khurram Manzoor, Muhammad Muneeb, Khalid Hanif & Muddassir Mukhtar
245 #0 - TITLE STATEMENT
Title GSM Controlled Home Appliances
260 ## - PUBLICATION, DISTRIBUTION, ETC.
Place of publication, distribution, etc. Karachi:
Name of publisher, distributor, etc. UITU,
Date of publication, distribution, etc. 2005
600 ## - SUBJECT ADDED ENTRY--PERSONAL NAME
Personal name Telecommunication Engineering
650 ## - SUBJECT ADDED ENTRY--TOPICAL TERM
Topical term or geographic name entry element Bachelor of Engineering (BE)

No items available.

Powered by Koha